| 000 | 00673nam a2200205 a 4500 | ||
|---|---|---|---|
| 003 | PILC | ||
| 005 | 20150112093428.0 | ||
| 008 | 100713s19uu xx 00 eng d | ||
| 022 | _29789812470508 | ||
| 050 |
_aQA 76.7 _b.Se443 2004 |
||
| 082 |
_aCSF 005.13 _bSe2 2004 |
||
| 100 |
_aSebesta, Robert W. _97071 |
||
| 245 |
_aConcepts of programming laguages / _cRobert W. Sebesta. |
||
| 250 | _a6th ed. | ||
| 260 |
_aNew Jersey : _bPearson Education, Inc, _c2004. |
||
| 300 |
_a677 pages : _billustration ; _c23 cm. |
||
| 500 | _aIncludes index. | ||
| 650 |
_aProgramming languages _xSoftware programming languages _xComputer- programming languages _97072 |
||
| 942 |
_2lcc _cBK |
||
| 999 |
_c14272 _d14272 |
||